书目信息 |
| 题名: |
化工制图
|
|
| 作者: | 蔡庄红 , 贺召平 主编 | |
| 分册: | ||
| 出版信息: | 北京 化学工业出版社 2009 |
|
| 页数: | 243页 | |
| 开本: | 26cm | |
| 丛书名: | ||
| 单 册: | ||
| 中图分类: | TQ050.2 | |
| 科图分类: | ||
| 主题词: | 化工机械--机械制图--高等教育--教材 , 机械制图 | |
| 电子资源: | ||
| ISBN: | 978-7-122-06204-8 | |
| 000 | 00899nam0 2200253 450 | |
| 001 | 3515 | |
| 005 | 20160927085713.84 | |
| 010 | @a978-7-122-06204-8@b平装@dCNY29.00 | |
| 100 | @a20091117d2009 em y0chiy50 ea | |
| 101 | 0 | @achi |
| 102 | @aCN@b110000 | |
| 105 | @aa z 000yy | |
| 200 | 1 | @a化工制图@9hua gong zhi tu@f蔡庄红,贺召平主编 |
| 210 | @a北京@c化学工业出版社@d2009 | |
| 215 | @a243页@c图@d26cm | |
| 300 | @a中国石油和化学工业行业规划教材·高职高专化工技术类 | |
| 330 | @a本书共分六个项目,主要内容包括制图的基础知识、化工设备图的阅读、工艺流程图的识读与绘制、化工车间设备布置图、管道布置图、AutoCAD在化工制图中的应用等。 | |
| 606 | 0 | @a化工机械@x机械制图@x高等教育@j教材 |
| 606 | 0 | @a机械制图 |
| 690 | @aTQ050.2@v4 | |
| 701 | 0 | @a蔡庄红@9cai zhuang hong@4主编 |
| 701 | 0 | @a贺召平@9he zhao ping@4主编 |
| 801 | 0 | @aCN@b唐山师范学院图书馆@c20151001 |
| 905 | @aZUCC@dTQ050.2@e274 | |
| 化工制图/蔡庄红,贺召平主编.-北京:化学工业出版社,2009 |
| 243页:图;26cm |
| 中国石油和化学工业行业规划教材·高职高专化工技术类 |
| ISBN 978-7-122-06204-8(平装):CNY29.00 |
| 本书共分六个项目,主要内容包括制图的基础知识、化工设备图的阅读、工艺流程图的识读与绘制、化工车间设备布置图、管道布置图、AutoCAD在化工制图中的应用等。 |
| ● |
| 相关链接 |
|
|
|
|
正题名:化工制图
索取号:TQ050.2/274
 
预约/预借
| 序号 | 登录号 | 条形码 | 馆藏地/架位号 | 状态 | 备注 |
| 1 | 905391 | 209053913 | 第二样本阅览室/ [索取号:TQ050.2/274] | 在馆 | |
| 2 | 905392 | 209053922 | 第三借阅区/ [索取号:TQ050.2/274] | 在馆 | |
| 3 | 905393 | 209053931 | 第三借阅区/ [索取号:TQ050.2/274] | 在馆 | |
| 4 | 905394 | 209053940 | 第三借阅区/ [索取号:TQ050.2/274] | 在馆 | |
| 5 | 905395 | 209053959 | 第三借阅区/ [索取号:TQ050.2/274] | 在馆 |